[Event "22nd European Teams Women"]
[Site "Batumi GEO"]
[Date "2019.10.31"]
[Round "7.11"]
[Board "2"]
[White "Peptan, Corina-Isabela"]
[Black "Petrova, Kristyna"]
[Result "1/2-1/2"]
[WhiteTitle "IM"]
[BlackTitle "WIM"]
[WhiteElo "2371"]
[BlackElo "2259"]
[WhiteTeam "Romania"]
[BlackTeam "Czech Republic"]
[WhiteFideId "1201930"]
[BlackFideId "309672"]
[EventDate "2019.10.24"]

1. c4 Nf6 2. Nf3 e6 3. Nc3 c5 4. g3 b6 5. Bg2 Bb7 6. O-O Ne4 7. Qc2 Nxc3 8. dxc3
Be7 9. Bf4 g5 10. Be5 f6 11. Bxb8 Qxb8 12. Rad1 Qc7 13. a4 f5 14. Qd3 g4 15. Ne1
h5 16. h4 gxh3 17. Bxb7 Qxb7 18. Qf3 O-O-O 19. Qxb7+ Kxb7 20. Kh2 h4 21. Rg1 Kc7
22. Nd3 Rdg8 23. gxh4 Rxg1 24. Rxg1 Rxh4 25. f4 Rg4 26. Rxg4 fxg4 27. Kg3 d5 28.
cxd5 exd5 29. e3 d4 30. cxd4 cxd4 31. e4 Kd6 32. Nf2 h2 33. Kxh2 Bh4 34. Nxg4 d3
35. Kg2 d2 36. Ne3 Kc5 37. Kf3 Kd4 38. Ke2 Kxe4 39. Kxd2 Bg3 40. Nc4 Bxf4+ 41.
Kc3 Kd5 1/2-1/2

[Event "22nd European Teams Women"]
[Site "Batumi GEO"]
[Date "2019.10.31"]
[Round "7.11"]
[Board "3"]
[White "Sikorova, Olga"]
[Black "Sandu, Mihaela"]
[Result "1/2-1/2"]
[WhiteTitle "WGM"]
[BlackTitle "WGM"]
[WhiteElo "2234"]
[BlackElo "2260"]
[WhiteTeam "Czech Republic"]
[BlackTeam "Romania"]
[WhiteFideId "307033"]
[BlackFideId "1204327"]
[EventDate "2019.10.24"]

1. c4 c5 2. g3 Nc6 3. Bg2 g6 4. Nc3 Bg7 5. d3 d6 6. e4 e6 7. Nge2 Nge7 8. O-O
O-O 9. Be3 Nd4 10. Qd2 Nec6 11. Bh6 Bxh6 12. Qxh6 Nxe2+ 13. Nxe2 Qf6 14. Qd2 Rb8
15. f4 Nd4 16. e5 dxe5 17. Nxd4 exd4 18. Qa5 b6 19. Qxa7 Bb7 20. Bxb7 Qe7 21.
Qxb6 Rxb7 22. Qc6 Rxb2 23. a4 Qa7 24. a5 Qb8 25. a6 Qb3 26. Qf3 Qc2 27. Rf2
Qxf2+ 28. Qxf2 Rxf2 29. Kxf2 Ra8 30. a7 Kf8 31. Kf3 f5 32. g4 Ke7 33. Kg3 Kf6
34. Ra6 Kf7 35. Kh4 h6 36. gxf5 gxf5 37. Kh5 Kg7 38. Rxe6 Rxa7 39. Re5 Ra3 40.
Rxf5 Rxd3 41. h4 Rc3 42. Rxc5 d3 43. Kg4 Rc1 44. Rd5 Rxc4 45. Rxd3 Rc7 46. Rd6
Rb7 47. Re6 Ra7 48. Kf5 Ra5+ 49. Re5 Ra7 50. Kg4 Rb7 51. Kh5 Ra7 52. Rb5 Rc7 53.
f5 Rc4 54. Rb6 Rf4 55. Rb7+ Kf6 56. Rh7 Rxf5+ 57. Kxh6 Ra5 58. Rb7 Ra8 59. Rb6+
Kf7 60. h5 Rh8+ 61. Kg5 Rg8+ 62. Kf5 Rg1 63. Rb7+ Kg8 64. Kf6 Rg2 65. Ra7 Rg1
66. Rc7 Rg2 67. h6 Rf2+ 68. Kg6 1/2-1/2

[Event "22nd European Teams Women"]
[Site "Batumi GEO"]
[Date "2019.10.31"]
[Round "7.11"]
[Board "4"]
[White "Lehaci, Miruna-Daria"]
[Black "Miturova, Magdalena"]
[Result "1/2-1/2"]
[WhiteTitle "WFM"]
[BlackTitle "WIM"]
[WhiteElo "2131"]
[BlackElo "2179"]
[WhiteTeam "Romania"]
[BlackTeam "Czech Republic"]
[WhiteFideId "1234765"]
[BlackFideId "330221"]
[EventDate "2019.10.24"]

1. d4 Nf6 2. Nf3 e6 3. c4 Bb4+ 4. Bd2 Qe7 5. g3 Nc6 6. Nc3 d6 7. Bg2 O-O 8. d5
Nb8 9. O-O e5 10. Ne1 Nbd7 11. e4 Nc5 12. Qc2 a5 13. a3 Bxc3 14. Bxc3 a4 15. f4
b5 16. fxe5 Ng4 17. Qe2 Nxe5 18. cxb5 Bg4 19. Qe3 Bd7 20. Nf3 Nxf3+ 21. Bxf3
Bxb5 22. Rfd1 Rae8 23. Rac1 f5 24. e5 Nb3 25. Rc2 dxe5 26. Bb4 Qd7 27. Bxf8 Kxf8
28. Qa7 c5 29. Qb6 Kg8 30. Bg2 e4 31. d6 Bd3 32. Rc3 Rc8 33. Rcxd3 exd3 34. Bd5+
Kh8 35. Rxd3 Nd4 36. Re3 f4 37. Re1 fxg3 38. Qb7 Qf5 39. Rf1 gxh2+ 40. Kxh2 Qe5+
41. Kh1 Qh5+ 42. Kg2 Qg4+ 43. Kh2 Ne2 44. Rf3 Qg1+ 45. Kh3 Qh1+ 46. Kg4 Qg2+ 47.
Kh4 Qh2+ 48. Kg4 h5+ 49. Kg5 Qe5+ 50. Rf5 Qg3+ 51. Kxh5 Nf4+ 52. Rxf4 g6+ 53.
Kh6 Qxf4+ 54. Kxg6 Qxd6+ 55. Kh5 Re8 56. Kg4 Rd8 57. Be4 Qd7+ 58. Qxd7 Rxd7 59.
Bc6 Rd6 60. Bb5 Rd4+ 61. Kf5 Kg7 62. Ke6 Kg6 63. Bc6 Rd2 64. Bxa4 Rxb2 65. Kd5
Ra2 66. Kxc5 Rxa3 67. Bc6 Rc3+ 68. Kd6 Kf6 69. Bb7 Rd3+ 70. Bd5 Rd1 71. Kc5 Ke5
72. Bc4 Rc1 73. Kb4 Kd4 74. Bf7 Rc8 75. Kb3 Rc7 76. Be6 Rc3+ 77. Kb2 Re3 78. Bf5
Kc4 79. Bg6 Re2+ 80. Ka1 Kb3 81. Bf7+ Ka3 82. Bg6 Rg2 83. Bf5 Kb3 84. Be6+ Kc3
85. Bf5 Rg5 86. Bb1 Ra5+ 87. Ba2 Kc2 1/2-1/2

[Event "22nd European Teams Women"]
[Site "Batumi GEO"]
[Date "2019.10.31"]
[Round "7.12"]
[Board "1"]
[White "Efroimski, Marsel"]
[Black "Goossens, Hanne"]
[Result "1/2-1/2"]
[WhiteTitle "WGM"]
[BlackTitle "WIM"]
[WhiteElo "2317"]
[BlackElo "2156"]
[WhiteTeam "Israel"]
[BlackTeam "Belgium"]
[WhiteFideId "2810964"]
[BlackFideId "200468"]
[EventDate "2019.10.24"]

1. e4 c5 2. Nf3 e6 3. g3 Nc6 4. Bg2 Nf6 5. Qe2 d5 6. d3 Be7 7. O-O O-O 8. Re1
dxe4 9. dxe4 e5 10. c3 h6 11. Nh4 Be6 12. Nf5 c4 13. Nd2 Na5 14. b4 cxb3 15.
axb3 Nc6 16. Qb5 Qc7 17. Nc4 a6 18. Nxe7+ Qxe7 19. Qb6 Rfc8 20. Ba3 Qd8 21. Bf1
Bxc4 22. Qxd8+ Rxd8 23. bxc4 Rac8 24. Bc5 Rd2 25. Be3 Rc2 26. Ra3 Nxe4 27. Bd3
Rxc3 28. Rxc3 Nxc3 29. Rc1 Na2 30. Rb1 Nab4 31. Be4 a5 32. Bb6 Ra8 33. Bc5 Rc8
34. Bb6 Ra8 35. Bc5 Rd8 36. Bb6 Rd7 37. Bf5 Re7 38. Bxa5 Nxa5 39. Rxb4 Rc7 40.
Ra4 b6 41. Bd3 e4 42. Be2 Rc5 43. Kf1 g6 44. Ke1 Nc6 45. Ra6 Ne5 46. Rxb6 Nxc4
47. Bxc4 Rxc4 48. Ke2 Kg7 49. Ke3 f5 50. Rb3 Rc6 51. f3 Re6 52. h4 Kf6 53. Rb4
exf3+ 54. Kxf3 Rc6 55. Rb3 g5 56. hxg5+ hxg5 57. Rb2 Rc3+ 58. Kg2 Kg6 59. Ra2
Kh5 60. Rb2 Kg4 61. Rb4+ f4 62. gxf4 gxf4 63. Rb2 Rg3+ 64. Kf2 Rh3 65. Kg2 f3+
66. Kg1 Kg3 67. Rg2+ Kf4 68. Ra2 Rh5 69. Ra8 Re5 70. Kf2 Re2+ 71. Kf1 Re6 72.
Kf2 Re2+ 73. Kf1 Rd2 74. Rf8+ Ke3 75. Re8+ Kf4 1/2-1/2

[Event "22nd European Teams Women"]
[Site "Batumi GEO"]
[Date "2019.10.31"]
[Round "7.12"]
[Board "2"]
[White "Vanduyfhuys, Daria"]
[Black "Klinova, Masha"]
[Result "0-1"]
[WhiteTitle "WFM"]
[BlackTitle "IM"]
[WhiteElo "1983"]
[BlackElo "2277"]
[WhiteTeam "Belgium"]
[BlackTeam "Israel"]
[WhiteFideId "246336"]
[BlackFideId "2802015"]
[EventDate "2019.10.24"]

1. d4 d6 2. Nf3 g6 3. c4 Bg7 4. Nc3 Nc6 5. e4 Bg4 6. d5 Nd4 7. Be3 e5 8. Be2
Nxe2 9. Qxe2 Nf6 10. h3 Bd7 11. Qd2 O-O 12. O-O Ne8 13. Ne1 f5 14. Bg5 Bf6 15.
Bh6 Rf7 16. f4 exf4 17. Bxf4 g5 18. Be3 f4 19. Bd4 Bxd4+ 20. Qxd4 Qf6 21. Nf3
Qxd4+ 22. Nxd4 Nf6 23. h4 Re8 24. Rae1 h6 25. g3 Bh3 26. Rf3 Bg4 27. Rff1 Nh5
28. gxf4 gxf4 29. Kf2 Nf6 30. Rg1 Kh7 31. Nf3 Bxf3 32. Kxf3 Nd7 33. Ref1 Ne5+
34. Ke2 Nxc4 35. b3 Ne5 36. Nb5 Ng6 37. Kd3 Nxh4 38. Nd4 Ng6 39. Ne6 Ne5+ 40.
Kd4 c5+ 41. Kc3 f3 42. Kd2 b5 43. Rf2 Rg8 44. Rgf1 Rg3 45. Rh1 Kg6 46. Rff1 Rg2+
47. Kd1 Ng4 0-1

[Event "22nd European Teams Women"]
[Site "Batumi GEO"]
[Date "2019.10.31"]
[Round "7.12"]
[Board "3"]
[White "Lahav, Michal"]
[Black "Barbier, Astrid"]
[Result "1-0"]
[WhiteTitle "WIM"]
[WhiteElo "2221"]
[BlackElo "1974"]
[WhiteTeam "Israel"]
[BlackTeam "Belgium"]
[WhiteFideId "2813742"]
[BlackFideId "200395"]
[EventDate "2019.10.24"]

1. e4 c5 2. Nf3 g6 3. c3 Bg7 4. d4 cxd4 5. cxd4 d5 6. e5 Bg4 7. Bb5+ Nd7 8. Be2
e6 9. O-O Ne7 10. Bg5 O-O 11. Nc3 a6 12. Re1 Re8 13. Qd2 Nb6 14. b3 Qd7 15. Nd1
Nf5 16. Nh4 Bxe2 17. Rxe2 Rf8 18. Nxf5 exf5 19. Qa5 Qe6 20. Nc3 Rac8 21. Rae1
Rc6 22. Nd1 Rfc8 23. Nb2 Bf8 24. Nd3 R6c7 25. Bd2 Rc6 26. h3 Be7 27. Nf4 Qd7 28.
e6 fxe6 29. Nxe6 Bf6 30. Nc5 Qf7 31. Ne6 Qd7 32. Bh6 Kf7 33. Nc5 Qc7 34. Na4 Qd6
35. Re6 Qxe6 36. Rxe6 Rxe6 37. Nxb6 Rcc6 38. Nxd5 Red6 39. Nxf6 Kxf6 40. Qe5+
Kf7 41. d5 1-0

[Event "22nd European Teams Women"]
[Site "Batumi GEO"]
[Date "2019.10.31"]
[Round "7.12"]
[Board "4"]
[White "Cuvelier, Annelies"]
[Black "Nesterovskaya, Anzhelika"]
[Result "1-0"]
[BlackTitle "WFM"]
[WhiteElo "1844"]
[BlackElo "2124"]
[WhiteTeam "Belgium"]
[BlackTeam "Israel"]
[WhiteFideId "213950"]
[BlackFideId "14114895"]
[EventDate "2019.10.24"]

1. e4 c6 2. d4 g6 3. Nf3 Bg7 4. Bd3 d5 5. exd5 cxd5 6. c3 Nh6 7. Bf4 O-O 8. O-O
f6 9. h3 Nf7 10. Re1 Nc6 11. Bb5 a6 12. Ba4 Na5 13. Nbd2 b5 14. Bc2 Re8 15. a4
Bd7 16. b4 Nc4 17. Nxc4 bxc4 18. Qd2 Bc8 19. Re2 e6 20. Rae1 Ra7 21. g4 g5 22.
Bg3 Rae7 23. Kg2 Nd6 24. Bb1 Bh8 25. h4 gxh4 26. Nxh4 Ne4 27. Qe3 Rg7 28. f3
Nxg3 29. Kxg3 Qc7+ 30. Kh3 e5 31. Nf5 Bxf5 32. Bxf5 Rge7 33. Qh6 Rf8 34. dxe5
fxe5 35. Be6+ Rxe6 36. Qxe6+ Qf7 37. Qxf7+ Kxf7 38. Kg3 Rd8 39. Rd1 Bf6 40. g5
Bg7 41. b5 axb5 42. axb5 Ke6 43. b6 Rb8 44. Rb1 Kd6 45. Rh2 e4 46. Rxh7 Bxc3 47.
fxe4 Be5+ 48. Kg4 d4 49. Rb5 Bh8 50. b7 Kc6 51. Rxh8 Rxh8 52. b8=Q Rxb8 53. Rxb8
c3 54. Rc8+ Kd7 55. Rc4 1-0

[Event "22nd European Teams Women"]
[Site "Batumi GEO"]
[Date "2019.10.31"]
[Round "7.13"]
[Board "2"]
[White "Frisk, Ellinor"]
[Black "Hagarova, Zuzana"]
[Result "0-1"]
[WhiteTitle "WIM"]
[BlackTitle "IM"]
[WhiteElo "2227"]
[BlackElo "2295"]
[WhiteTeam "Sweden"]
[BlackTeam "Slovakia"]
[WhiteFideId "1708481"]
[BlackFideId "14900866"]
[EventDate "2019.10.24"]

1. e4 e6 2. d4 d5 3. exd5 exd5 4. Nf3 Nf6 5. Bd3 c5 6. O-O Nc6 7. Re1+ Be7 8.
dxc5 O-O 9. h3 Bxc5 10. Bg5 h6 11. Bh4 Be6 12. Nc3 Be7 13. a3 Qb6 14. b4 Rad8
15. Na4 Qc7 16. Qe2 a6 17. Bg3 Bd6 18. Bxd6 Qxd6 19. Nc5 Bc8 20. Qd2 Nh5 21. Bf1
Qf6 22. Qe3 Nf4 23. Nd3 Ng6 24. Rad1 Kh7 25. Nh2 Nd4 26. Qd2 Nc6 27. g3 Nce5 28.
Nxe5 Nxe5 29. Qd4 Rfe8 30. f4 Nd7 31. Rxe8 Rxe8 32. Qxd5 Re3 33. Rd3 Qb6 34.
Rxe3 Qxe3+ 35. Kg2 Kg8 36. Ng4 Qe8 37. Ne5 Nxe5 38. fxe5 Be6 39. Qd6 Qc8 40. Bd3
Bxh3+ 41. Kf2 Be6 42. Ke3 g6 43. Qd4 Qc6 44. c4 Qg2 45. Qf4 Qb2 46. Qe4 Bf5 47.
Qxb7 Qc1+ 48. Kf2 Bxd3 49. e6 Qd2+ 50. Kg1 Qe3+ 0-1

[Event "22nd European Teams Women"]
[Site "Batumi GEO"]
[Date "2019.10.31"]
[Round "7.13"]
[Board "3"]
[White "Movsesian, Julia"]
[Black "Cramling Bellon, Anna"]
[Result "1-0"]
[WhiteTitle "WGM"]
[BlackTitle "WFM"]
[WhiteElo "2307"]
[BlackElo "2164"]
[WhiteTeam "Slovakia"]
[BlackTeam "Sweden"]
[WhiteFideId "4139690"]
[BlackFideId "32009232"]
[EventDate "2019.10.24"]

1. e4 c5 2. Nf3 e6 3. g3 Nc6 4. Bg2 d6 5. d4 cxd4 6. Nxd4 e5 7. Ne2 Nf6 8. O-O
Be6 9. Nbc3 Rc8 10. Nd5 Bxd5 11. exd5 Nb8 12. b3 Nbd7 13. c4 Be7 14. Bb2 h5 15.
h3 Qb6 16. Nc3 Nc5 17. Qe2 O-O 18. Bc1 Rfe8 19. Be3 Qd8 20. b4 Ncd7 21. Rac1 a6
22. Rfd1 Qc7 23. Ne4 Nxe4 24. Bxe4 g6 25. Bg2 f5 26. c5 Bf8 27. Qd2 Kh7 28. a4
e4 29. c6 Ne5 30. b5 axb5 31. axb5 bxc6 32. dxc6 Qf7 33. Qd5 Qxd5 34. Rxd5 Nd3
35. Rd1 Re5 36. Rxe5 dxe5 37. Ra1 Bd6 38. Ra7+ Kg8 39. Rd7 Bb4 40. c7 Bf8 41. b6
f4 42. b7 fxe3 43. bxc8=Q 1-0

[Event "22nd European Teams Women"]
[Site "Batumi GEO"]
[Date "2019.10.31"]
[Round "7.13"]
[Board "4"]
[White "Borisova, Borislava"]
[Black "Motycakova, Monika"]
[Result "1/2-1/2"]
[WhiteTitle "WIM"]
[BlackTitle "WFM"]
[WhiteElo "1919"]
[BlackElo "2126"]
[WhiteTeam "Sweden"]
[BlackTeam "Slovakia"]
[WhiteFideId "1701657"]
[BlackFideId "14909626"]
[EventDate "2019.10.24"]

1. Nf3 d5 2. g3 c6 3. Bg2 Bg4 4. O-O Nd7 5. d3 e6 6. Nbd2 Bd6 7. h3 Bh5 8. Qe1
Ne7 9. e4 O-O 10. g4 Bg6 11. Nh4 Qc7 12. Ndf3 Rae8 13. Bd2 f5 14. Ng5 Bf7 15.
Nxf7 Kxf7 16. Nf3 Ng6 17. Qe2 Nf4 18. Bxf4 Bxf4 19. Rae1 fxg4 20. hxg4 Qd8 21.
e5 h5 22. Bh3 Rh8 23. Kg2 Rh6 24. Rg1 Reh8 25. Kf1 hxg4 26. Bxg4 Qg8 27. d4 Qh7
28. Qd3 Rg6 29. Ke2 Rh6 30. Qxh7 1/2-1/2

[Event "22nd European Teams Women"]
[Site "Batumi GEO"]
[Date "2019.10.31"]
[Round "7.14"]
[Board "1"]
[White "Machlik, Monika"]
[Black "Pipia, Ekaterine"]
[Result "1/2-1/2"]
[WhiteElo "2159"]
[BlackElo "1935"]
[WhiteTeam "Norway"]
[BlackTeam "Georgia 3"]
[WhiteFideId "1513621"]
[BlackFideId "13614576"]
[EventDate "2019.10.24"]

1. d4 d5 2. c4 e6 3. Nc3 Be7 4. cxd5 exd5 5. Bf4 c6 6. e3 Bd6 7. Bg3 Bf5 8. Qb3
Bxg3 9. hxg3 Qb6 10. Nf3 Nd7 11. Nh4 Qxb3 12. axb3 Bc2 13. b4 h6 14. b5 Ne7 15.
bxc6 bxc6 16. Kd2 Bh7 17. Bd3 O-O 18. Bxh7+ Kxh7 19. g4 Rfb8 20. Kc2 Kg8 21. Ra6
Rb7 22. Rha1 Nb6 23. Nf3 f6 24. Ne1 Kf7 25. Nd3 Nec8 26. Nc5 Rc7 27. b3 Ke7 28.
f3 Nd7 29. Nxd7 Kxd7 30. Na4 Kd6 31. Nc5 Rb8 32. Kd3 Rb6 33. R6a2 Re7 34. Ra3
Kc7 35. Na6+ Kb7 36. Nc5+ Ka8 37. Rc1 Nd6 38. Rca1 Kb8 39. Na6+ Ka8 40. Nc5 Kb8
41. Re1 Ka8 42. e4 dxe4+ 43. fxe4 Nb5 44. Ra4 Rb8 45. Rf1 Rd8 46. Rc4 Nd6 47.
Ra4 Nb5 48. Rc4 Nd6 49. Ra4 Nb5 50. Rc4 1/2-1/2

[Event "22nd European Teams Women"]
[Site "Batumi GEO"]
[Date "2019.10.31"]
[Round "7.14"]
[Board "2"]
[White "Esadze, Tamari"]
[Black "Johnsen, Sylvia"]
[Result "1-0"]
[BlackTitle "WFM"]
[WhiteElo "1885"]
[BlackElo "1898"]
[WhiteTeam "Georgia 3"]
[BlackTeam "Norway"]
[WhiteFideId "13611186"]
[BlackFideId "1500988"]
[EventDate "2019.10.24"]

1. e4 e5 2. Nf3 Nc6 3. Bb5 a6 4. Ba4 Nf6 5. O-O Be7 6. Re1 b5 7. Bb3 d6 8. c3
O-O 9. h3 Na5 10. Bc2 c5 11. d4 Nd7 12. Nbd2 exd4 13. cxd4 Nc6 14. d5 Nce5 15.
Nxe5 Nxe5 16. f4 Ng6 17. Nf3 Bh4 18. Rf1 Bg3 19. Nh2 f5 20. Rf3 Bxf4 21. exf5
Bxh2+ 22. Kxh2 Nh4 23. Rg3 Nxf5 24. Bg5 Qe8 25. Bxf5 Rxf5 26. Bh6 g6 27. Qd2 Bb7
28. Re1 Re5 29. Rge3 Rxe3 30. Rxe3 Qd7 31. Qe2 Bxd5 32. Re7 Qd8 33. Qd3 Bc4 34.
Rg7+ Kh8 35. Qc3 Qe8 36. Rxh7+ Kxh7 37. Qg7# 1-0

[Event "22nd European Teams Women"]
[Site "Batumi GEO"]
[Date "2019.10.31"]
[Round "7.14"]
[Board "3"]
[White "Kyrkjebo, Hanna B."]
[Black "Donghvani, Nia"]
[Result "1-0"]
[WhiteElo "1949"]
[BlackElo "1903"]
[WhiteTeam "Norway"]
[BlackTeam "Georgia 3"]
[WhiteFideId "1511599"]
[BlackFideId "13614649"]
[EventDate "2019.10.24"]

1. e4 c5 2. Nf3 e6 3. b3 a6 4. Bb2 Nc6 5. g3 d5 6. d3 Nf6 7. Qe2 Be7 8. Bg2 O-O
9. e5 Nd7 10. O-O Qc7 11. c4 d4 12. Re1 Rb8 13. Bc1 b5 14. Bf4 bxc4 15. bxc4 Bb7
16. Nbd2 Nb4 17. Rec1 Nb6 18. a3 Nc6 19. Ne4 Na5 20. Nfd2 Na4 21. Rab1 Ba8 22.
Qh5 Rxb1 23. Rxb1 Kh8 24. Nf6 gxf6 25. exf6 Bd6 26. Bxd6 Qxd6 27. Qh6 Rg8 28.
Bxa8 Nc3 29. Be4 Nxe4 30. Nxe4 Qe5 31. f4 Qf5 32. Ng5 Qg6 33. Qxg6 hxg6 34.
Nxf7+ Kh7 35. Ng5+ Kh6 36. Rb6 Rf8 37. Rxe6 Nb3 38. Re7 Kh5 39. h3 Rh8 40. f7
Nc1 41. f8=Q Ne2+ 42. Kf2 Rxf8 43. Rh7# 1-0

[Event "22nd European Teams Women"]
[Site "Batumi GEO"]
[Date "2019.10.31"]
[Round "7.14"]
[Board "4"]
[White "Lomaia, Diana"]
[Black "Kyrkjebo, Marte B."]
[Result "1-0"]
[WhiteElo "1861"]
[BlackElo "1871"]
[WhiteTeam "Georgia 3"]
[BlackTeam "Norway"]
[WhiteFideId "13612476"]
[BlackFideId "1511602"]
[EventDate "2019.10.24"]

1. d4 Nf6 2. c4 e6 3. g3 d5 4. Nf3 Be7 5. Bg2 O-O 6. O-O dxc4 7. Ne5 Nc6 8. Nxc6
bxc6 9. Bxc6 Rb8 10. Nc3 Bb7 11. Bxb7 Rxb7 12. e3 c5 13. dxc5 Bxc5 14. Qe2 Rc7
15. Rd1 Qe7 16. e4 Rd8 17. Bf4 Rcc8 18. Rxd8+ Qxd8 19. Rd1 Qe7 20. e5 Nd7 21.
Ne4 Nb6 22. Qg4 Kh8 23. Qh5 Kg8 24. Qg4 Kh8 25. Ng5 h6 26. Qh5 Kg8 27. Ne4 Qf8
28. g4 Be7 29. Qh3 g5 30. Be3 Nd5 31. Bd4 a6 32. Qf3 Nf4 33. h3 Ng6 34. Kh2 Nh4
35. Qe3 Ng6 36. Bc3 Rd8 37. Rxd8 Qxd8 38. Qd4 Qc7 39. Kh1 Nf4 40. Qe3 Qc6 41.
Kh2 Qd5 42. Bd4 Nd3 43. Nc3 Qb7 44. Na4 Qb5 45. Nb6 Nxb2 46. Bxb2 Qxb2 47. Nxc4
Qxa2 48. Qd4 Qa4 49. Qd3 Qb5 50. Qc3 Bb4 51. Qd3 Qd5 52. Qc2 a5 53. Kg1 a4 54.
Nb6 Qb3 55. Qc8+ Kg7 56. Qd8 Qb1+ 57. Kh2 Qg6 58. Nxa4 Bc3 59. Nxc3 Qc2 60. Qf6+
Kg8 61. Nb5 Qc6 62. Nd6 Qd7 63. Qxh6 Qa7 64. Qxg5+ Kf8 65. Qd8+ Kg7 66. Ne8+ Kh7
67. Qf6 1-0

[Event "22nd European Teams Women"]
[Site "Batumi GEO"]
[Date "2019.10.31"]
[Round "7.15"]
[Board "1"]
[White "Franciskovic, Borka"]
[Black "Georgescu, Lena"]
[Result "1/2-1/2"]
[WhiteTitle "WIM"]
[BlackTitle "WFM"]
[WhiteElo "2262"]
[BlackElo "2271"]
[WhiteTeam "Croatia"]
[BlackTeam "Switzerland"]
[WhiteFideId "14507943"]
[BlackFideId "1331973"]
[EventDate "2019.10.24"]

1. Nf3 Nf6 2. c4 c5 3. g3 b6 4. Bg2 Bb7 5. O-O e6 6. Nc3 Be7 7. Re1 d5 8. cxd5
Nxd5 9. Nxd5 Qxd5 10. d4 cxd4 11. Qxd4 O-O 12. Bg5 Bxg5 13. Qxd5 Bxd5 14. Nxg5
Bxg2 15. Kxg2 Na6 16. Rac1 Rfe8 17. Red1 f6 18. Ne4 Red8 19. a3 Kf7 20. Nd6+ Ke7
21. Nb5 Rxd1 22. Rxd1 Nc5 23. Nd4 Ke8 24. Nb5 Ke7 25. Nd4 Ke8 26. Nb5 1/2-1/2

[Event "22nd European Teams Women"]
[Site "Batumi GEO"]
[Date "2019.10.31"]
[Round "7.15"]
[Board "2"]
[White "Heinatz, Gundula"]
[Black "Medic, Mirjana"]
[Result "0-1"]
[WhiteTitle "WIM"]
[BlackTitle "WGM"]
[WhiteElo "2175"]
[BlackElo "2163"]
[WhiteTeam "Switzerland"]
[BlackTeam "Croatia"]
[WhiteFideId "4612434"]
[BlackFideId "14501619"]
[EventDate "2019.10.24"]

1. d4 d5 2. Nf3 Nf6 3. Bg5 Ne4 4. Bf4 c5 5. e3 Qb6 6. Nc3 Qa5 7. Bxb8 Nxc3 8.
Qd2 Rxb8 9. bxc3 e6 10. Rb1 c4 11. Be2 Bd6 12. O-O Qc7 13. g3 O-O 14. Rfe1 f5
15. Kg2 Bd7 16. Ng1 b5 17. f4 Rb6 18. Nf3 Ra6 19. Ra1 Ra3 20. Rg1 Qa5 21. Kf2
Qxc3 22. Qxc3 Rxc3 23. Bd1 Rb8 24. g4 fxg4 25. Nd2 Ra3 26. Bxg4 Rb6 27. Rg2 Bf8
28. e4 Be8 29. Bf3 Bf7 30. exd5 exd5 31. Rg5 Be7 32. Rg2 Bf6 33. Rd1 Bxd4+ 34.
Kf1 Bf6 35. Bg4 Rxa2 36. Nf3 Ra1 37. Rxa1 Bxa1 38. Rd2 Bf6 39. Bd7 b4 40. Ne5
Bxe5 41. fxe5 Kf8 42. e6 Bxe6 43. Bxe6 Rxe6 44. Rxd5 Rb6 0-1

[Event "22nd European Teams Women"]
[Site "Batumi GEO"]
[Date "2019.10.31"]
[Round "7.15"]
[Board "3"]
[White "Purgar, Ivona"]
[Black "De Seroux, Camille"]
[Result "1/2-1/2"]
[WhiteTitle "WFM"]
[BlackTitle "WFM"]
[WhiteElo "2205"]
[BlackElo "2140"]
[WhiteTeam "Croatia"]
[BlackTeam "Switzerland"]
[WhiteFideId "14514451"]
[BlackFideId "1305620"]
[EventDate "2019.10.24"]

1. e4 c5 2. Nf3 Nc6 3. d4 cxd4 4. Nxd4 g6 5. g3 Bg7 6. Ne2 Nf6 7. Bg2 O-O 8.
Nbc3 d6 9. O-O a6 10. a4 Bd7 11. h3 Rc8 12. Be3 Na5 13. b3 b5 14. axb5 axb5 15.
Qd2 Qc7 16. Ra2 b4 17. Na4 Rb8 18. Nf4 Rfc8 19. Re1 Bc6 20. Qd3 e5 21. Nd5 Bxd5
22. exd5 Nd7 23. Qd2 f5 24. Bh6 Nf6 25. Bxg7 Kxg7 26. Rea1 Rb5 27. Qd3 Rcb8 28.
c4 bxc3 29. Nxc3 Rxb3 30. Rxa5 Rxc3 31. Qd2 Rb7 32. Ra6 e4 33. Rxd6 Qxd6 34.
Qxc3 Qxd5 35. Bf1 Rd7 36. Ra6 Qd4 37. Qa3 Nd5 38. Ra8 Ne7 39. Qb3 Qd5 40. Qb8
Qf7 41. Bc4 Nd5 42. Qe5+ Qf6 43. Qe8 Qf7 44. Qb8 e3 45. fxe3 Kh6 46. Qe5 Qe7 47.
Qxe7 1/2-1/2

[Event "22nd European Teams Women"]
[Site "Batumi GEO"]
[Date "2019.10.31"]
[Round "7.15"]
[Board "4"]
[White "Tamrazyan, Gohar"]
[Black "Cvitan, Ena"]
[Result "0-1"]
[BlackTitle "FM"]
[WhiteElo "1955"]
[BlackElo "2182"]
[WhiteTeam "Switzerland"]
[BlackTeam "Croatia"]
[WhiteFideId "1330799"]
[BlackFideId "14534215"]
[EventDate "2019.10.24"]

1. e4 c6 2. Nc3 d5 3. Qe2 d4 4. Nd1 e5 5. g3 h5 6. Nf3 Bd6 7. d3 c5 8. Bg5 f6 9.
Bc1 g5 10. h4 g4 11. Nd2 Nc6 12. Bg2 Nge7 13. f3 Rg8 14. O-O Be6 15. fxg4 Bxg4
16. Bf3 Qd7 17. Kh2 Bxf3 18. Qxf3 Rg6 19. Qxh5 O-O-O 20. Nf2 Rdg8 21. Rg1 Nd8
22. Qf3 Ne6 23. Nc4 Bc7 24. a4 Qc6 25. h5 Ng5 26. Qg4+ f5 27. Qe2 R6g7 28. Bxg5
Rxg5 29. exf5 Rh8 30. g4 e4+ 31. Kh3 Nd5 32. Qxe4 Re8 33. Qh1 Nf4+ 34. Kh4 Qf6
35. Ne4 Rxh5+ 36. Kg3 Nxd3+ 37. Kg2 Qc6 38. Qxh5 Qxe4+ 39. Kh3 Nf4+ 40. Kh4 Nxh5
41. Kxh5 Rh8+ 42. Kg6 Qe8+ 43. Kg5 Qg8+ 44. Kf6 Qxc4 45. Raf1 Rf8+ 46. Kg5 Qg8+
47. Kh4 Qh7+ 48. Kg5 Rg8+ 49. Kf6 Rf8+ 50. Ke6 Qd7# 0-1

[Event "22nd European Teams Women"]
[Site "Batumi GEO"]
[Date "2019.10.31"]
[Round "7.16"]
[Board "1"]
[White "Nazarova, Anastasia"]
[Black "Stojkovska, Monika"]
[Result "1-0"]
[WhiteTitle "WFM"]
[BlackTitle "WFM"]
[WhiteElo "2147"]
[BlackElo "2108"]
[WhiteTeam "Finland"]
[BlackTeam "Republic of North Macedonia"]
[WhiteFideId "34101737"]
[BlackFideId "15002594"]
[EventDate "2019.10.24"]

1. e4 c5 2. Nf3 e6 3. d4 cxd4 4. Nxd4 Nc6 5. Nc3 Qc7 6. Be3 a6 7. Qf3 Nf6 8.
O-O-O Ne5 9. Qg3 b5 10. f4 Neg4 11. Bg1 h5 12. Bd3 b4 13. Nce2 Bb7 14. h3 Nh6
15. Qe3 Bc5 16. e5 Nd5 17. Qd2 O-O 18. Ng3 h4 19. Ne4 Be7 20. Bf2 Rac8 21. Nb3
a5 22. Nbc5 Bc6 23. Rhg1 a4 24. g3 a3 25. b3 hxg3 26. Rxg3 Nf5 27. Rg4 Qa5 28.
Rdg1 g6 29. h4 Nc3 30. h5 Nxa2+ 31. Kb1 Nc3+ 32. Ka1 Nxe4 33. Nxe4 Bxe4 34. Bxe4
d6 35. hxg6 dxe5 36. Bxf5 exf5 37. gxf7+ Kxf7 38. Rg7+ Ke8 39. Rxe7+ Kxe7 40.
Bh4+ Ke8 41. Qd6 1-0